|
|
|
|
| LEADER |
01083nam a2200277 a 4500 |
| 001 |
c000184563 |
| 003 |
CARM |
| 005 |
20000321202720.0 |
| 008 |
851029s1964 stkaf b 000 0 eng d |
| 019 |
1 |
|
|a 4024828
|z 23857083
|5 LACONCORD2021
|
| 035 |
|
|
|a (OCoLC)1869684
|5 LACONCORD2021
|
| 040 |
|
|
|a NUN
|b eng
|c NUN
|d SAA
|
| 082 |
0 |
4 |
|a 748.59
|2 20
|
| 082 |
0 |
4 |
|a 748.59
|2 20
|
| 100 |
1 |
|
|a Beyer, Victor.
|
| 240 |
1 |
0 |
|a Offenbarung der Farbe.
|l English.
|
| 245 |
1 |
0 |
|a Stained glass windows /
|c Victor Beyer ; edited by David Talbot Rice and translated by M. von Herzfeld and R. Gaze.
|
| 260 |
|
|
|a Edinburgh :
|b Oliver & Boyd,
|c 1964.
|
| 300 |
|
|
|a 72 p., 60 col. plates :
|b ill. ;
|c 19 cm.
|
| 440 |
|
0 |
|a Realms of art ;
|v 3.
|
| 500 |
|
|
|a Translation of: Offenbarung der Farbe.
|
| 504 |
|
|
|a Bibliography: p. 67-72.
|
| 650 |
|
0 |
|a Glass painting and staining.
|
| 852 |
8 |
|
|b CARM
|h A2:AL21G0
|i C06565
|p 0250197
|f BK
|
| 999 |
f |
f |
|i 8603ca8d-0d31-5ad9-998f-bd4811f350e6
|s d1b1755f-2701-5f02-9732-2d3988571e3d
|
| 952 |
f |
f |
|p Can circulate
|a CAVAL
|b CAVAL
|c CAVAL
|d CARM 1 Store
|e C06565
|f A2:AL21G0
|h Other scheme
|i book
|m 0250197
|